书目信息 |
| 题名: |
跟胖星儿学做菜
|
|
| 作者: | 胖星儿 著 | |
| 分册: | ||
| 出版信息: | 桂林 漓江出版社 2010.01 |
|
| 页数: | 189页 | |
| 开本: | 23cm | |
| 丛书名: | ||
| 单 册: | ||
| 中图分类: | TS972.12 | |
| 科图分类: | ||
| 主题词: | 菜谱--cai pu | |
| 电子资源: | ||
| ISBN: | 978-7-5407-4675-9 | |
| 000 | 00954nam0 2200241 450 | |
| 001 | 012010275969 | |
| 005 | 20100716163534.25 | |
| 010 | @a978-7-5407-4675-9@dCNY30.00 | |
| 100 | @a20100716d2010 em y0chiy0120 ea | |
| 101 | 0 | @achi |
| 102 | @aCN@b450000 | |
| 105 | @aa z 000yy | |
| 106 | @ar | |
| 200 | 1 | @a跟胖星儿学做菜@Agen pang xing er xue zuo cai@e幸福主妇的厨艺手册@f胖星儿著@Fpang xing er zhu |
| 210 | @a桂林@c漓江出版社@d2010.01 | |
| 215 | @a189页@c图@d23cm | |
| 330 | @a本书即汇集了时尚主妇胖星儿精心挑选的36道基础家常菜式,并在此基础上进行了富有想象力的延伸和发挥,让所有女人都能够轻松学会以36道菜为基础的美味菜肴,从容面对生活中各种不同生活场景的需要,真正做到下得厨房,让家庭生活富有情趣,温暖又甜蜜。 | |
| 517 | 1 | @a幸福主妇的厨艺手册@Axing fu zhu fu de chu yi shou ce |
| 606 | 0 | @a菜谱@Acai pu |
| 690 | @aTS972.12@v4 | |
| 701 | 0 | @a胖星儿@Apang xing er@4著 |
| 801 | 0 | @aCN@bQSSK@c20100716 |
| 905 | @b785502-04@dTS972.12@eP330@f3 | |
| 跟胖星儿学做菜:幸福主妇的厨艺手册/胖星儿著.-桂林:漓江出版社,2010.01 |
| 189页:图;23cm |
| ISBN 978-7-5407-4675-9:CNY30.00 |
| 本书即汇集了时尚主妇胖星儿精心挑选的36道基础家常菜式,并在此基础上进行了富有想象力的延伸和发挥,让所有女人都能够轻松学会以36道菜为基础的美味菜肴,从容面对生活中各种不同生活场景的需要,真正做到下得厨房,让家庭生活富有情趣,温暖又甜蜜。 |
| ● |
| 相关链接 |
|
|
|
正题名:跟胖星儿学做菜
索取号:TS972.12/P330
 
预约/预借
| 序号 | 登录号 | 条形码 | 馆藏地/架位号 | 状态 | 备注 |
| 1 | 785502 | 207855025 | 自科库501/ [索取号:TS972.12/P330] | 在馆 | |
| 2 | 785503 | 207855034 | 自科二线400A/400A自科库 26排2列1层/ [索取号:TS972.12/P330] | 在馆 | |
| 3 | 785504 | 207855043 | 自科库501/501自科库 45排3列1层/ [索取号:TS972.12/P330] | 在馆 |